| 000 | 01501nam0a22003491 4500 | ||
|---|---|---|---|
| 001 | rc\984464 | ||
| 005 | 20250622065434.0 | ||
| 035 | _a(NLR Aleph) 006152164 | ||
| 090 |
_a5773945 _c5773945 |
||
| 100 | _a20041129d1981 |||y0rusy50 ca | ||
| 101 | 0 | _arus | |
| 102 | _aRU | ||
| 105 | _ay ||||||||| | ||
| 200 | 1 |
_aСвидание _eПовести, рассказы _fВладимир Андреев |
|
| 210 |
_aМ. _cСовременник _d1981 |
||
| 215 |
_a415 с. _d20 |
||
| 225 | 1 | _aНовинки "Современника" | |
| 327 | 1 | _aСодерж.: Повести: Два долгих дня; Грустная птица; Свидание; Тревожный август; Рассказы: Маяк; Пожарник; Постоялец | |
| 464 | 0 |
_12001#$aДва долгих дня _tДва долгих дня |
|
| 464 | 0 |
_12001#$aГрустная птица _tГрустная птица |
|
| 464 | 0 |
_12001#$aСвидание _tСвидание |
|
| 464 | 0 |
_12001#$aТревожный август _tТревожный август |
|
| 464 | 0 |
_12001#$aМаяк _tМаяк |
|
| 464 | 0 |
_12001#$aПожарник _tПожарник |
|
| 464 | 0 |
_12001#$aПостоялец _tПостоялец |
|
| 700 | 1 |
_7ca _8rus _aАндреев _bВ. М. _cписатель _f1920-2003 _gВладимир Михайлович _9213659 _3RU\NLR\AUTH\770213715 |
|
| 801 | 0 |
_aRU _bNLR _gpsbo |
|
| 801 | 1 |
_aRU _bELAR _2rusmarc |
|
| 852 |
_aNLR _j82-3/1631 |
||
| 942 | _cBOOK | ||
| 980 | _aNB | ||